Normal view
MARC view
Entry Personal Name
001 - CONTROL NUMBER
- control field: 742575
003 - CONTROL NUMBER IDENTIFIER
- control field:
005 - DATE AND TIME OF LATEST TRANSACTION
- control field: 20210627045813.0
008 - FIXED-LENGTH DATA ELEMENTS
- fixed length control field: 210627|| aca||aabn | a|a d
040 ## - CATALOGING SOURCE
- Original cataloging agency:
- Transcribing agency:
100 ## - HEADING--PERSONAL NAME
- Personal name: Shepherd,Mary Elizabeth
670 ## - SOURCE DATA FOUND
- Source citation: Work cat.: ()616573: Shepherd,Mary Elizabeth, The effect of prenatal sex selection on gender differentials in child health and survival in India /, 2006
